Industry forum considers impact of IMC on training (Record no. 77955)
[ view plain ]
| 000 -LEADER | |
|---|---|
| fixed length control field | 01164cab a2200205 4500 |
| 001 - CONTROL NUMBER | |
| control field | ##L135600 |
| 008 - FIXED-LENGTH DATA ELEMENTS--GENERAL INFORMATION | |
| fixed length control field | 061114n2006 000 0 eng u |
| 035 ## - SYSTEM CONTROL NUMBER | |
| System control number | (Sirsi) u135600 |
| 041 0# - LANGUAGE CODE | |
| Language code of text/sound track or separate title | eng |
| 110 2# - MAIN ENTRY--CORPORATE NAME | |
| Corporate name or jurisdiction name as entry element | CITB-ConstructionSkills |
| 9 (RLIN) | 4992 |
| 245 00 - TITLE STATEMENT | |
| Title | Industry forum considers impact of IMC on training |
| 260 ## - PUBLICATION, DISTRIBUTION, ETC. | |
| Date of publication, distribution, etc. | 2006 |
| 490 #0 - SERIES STATEMENT | |
| Series statement | CITB-ConstructionSkills Press Release |
| Volume/sequential designation | 7 November 2006 |
| 520 ## - SUMMARY, ETC. | |
| Summary, etc. | A new Innovative Methods of Construction (IMC) Skills Forum has been set up in response to the predicted growth of IMC. At present, IMC accounts for around 4% of construction turnover, but fast growth in output (in excess of 12% over the next four years) together with government's sustainability agenda means that change is required to speed up the construction process. The forum will identify areas for future development and ensure a more structured approach to meeting training needs. |
| 590 ## - LOCAL NOTE (RLIN) | |
| Local note | KA |
| 651 #4 - SUBJECT ADDED ENTRY--GEOGRAPHIC NAME | |
| Geographic name | United Kingdom |
| Chronological subdivision | |
| 690 ## - LOCAL SUBJECT ADDED ENTRY--TOPICAL TERM (OCLC, RLIN) | |
| Topical term or geographic name as entry element | BUILT ENVIRONMENT-CONSTRUCTION DESIGN |
| 856 40 - ELECTRONIC LOCATION AND ACCESS | |
| Uniform Resource Identifier | <a href="https://www.citb-constructionskills.co.uk/news/pressreleases">https://www.citb-constructionskills.co.uk/news/pressreleases</a> |
| Public note | View the item free of charge at www.citb-constructionskills.co.uk... |
| 942 ## - ADDED ENTRY ELEMENTS (KOHA) | |
| Suppress in OPAC | 0 |
| Withdrawn status | Lost status | Source of classification or shelving scheme | Damaged status | Not for loan | Home library | Current library | Shelving location | Date acquired | Total Checkouts | Full call number | Barcode | Date last seen | Copy number | Price effective from | Koha item type |
|---|---|---|---|---|---|---|---|---|---|---|---|---|---|---|---|
| Dewey Decimal Classification | Virtual | Virtual | Online | 14/11/2006 | ONLINE PUBLICATION | 135600-2001 | 06/08/2019 | 1 | 06/08/2019 | Journal article |